[Event "British Columbia-Washington"]
[Site "Victoria"]
[Date "2020.01.18"]
[Round "2.7"]
[White "Patterson, Roger"]
[Black "Velea, Anne Marie"]
[Result "1/2-1/2"]
[WhiteElo "2030"]
[BlackElo "1955"]
[PlyCount "78"]
[EventDate "2020.01.17"]
[EventType "team-match"]
[EventRounds "5"]
[EventCountry "CAN"]
[SourceTitle "EXT 2023"]
[Source "ChessBase"]
[SourceDate "2022.10.05"]
[SourceVersion "1"]
[SourceVersionDate "2022.10.05"]
[SourceQuality "1"]
[WhiteTeam "British Columbia"]
[BlackTeam "Washington"]
[WhiteTeamCountry "CAN"]
[BlackTeamCountry "USA"]

1. c4 e5 2. Nc3 Nf6 3. g3 d5 4. cxd5 Nxd5 5. Bg2 Nb6 6. Nf3 Nc6 7. 0-0 Be7 8. a3 0-0 9. b4 Be6 10. d3 a5 11. b5 Nd4 12. Nxd4 exd4 13. Na4 Nd5 14. Bb2 c5 15. bxc6 b5 16. Bxd4 bxa4 17. Qxa4 Rb8 18. Rab1 Nb6 19. Bxb6 Rxb6 20. d4 f6 21. Rfd1 Bd6 22. d5 Bf7 23. Rbc1 Rb2 24. e4 Qb6 25. Qd4 Rc8 26. Bh3 Rc7 27. Qxb6 Rxb6 28. f4 g6 29. e5 fxe5 30. fxe5 Bxe5 31. d6 Rcxc6 32. Rxc6 Rxc6 33. d7 Bf6 34. d8Q+ Bxd8 35. Rxd8+ Kg7 36. Ra8 Rc1+ 37. Kf2 Rc2+ 38. Kg1 Rc1+ 39. Kf2 Rc2+ 1/2-1/2

[Event "British Columbia op"]
[Site "Richmond"]
[Date "2019.02.18"]
[Round "5.7"]
[White "Patterson, Roger"]
[Black "Mohammed Qanee, Arpak Worya"]
[Result "1/2-1/2"]
[WhiteElo "2001"]
[BlackElo "2231"]
[PlyCount "49"]
[EventDate "2019.02.16"]
[EventType "tourn"]
[EventRounds "6"]
[EventCountry "CAN"]
[SourceTitle "EXT 2022"]
[Source "ChessBase"]
[SourceDate "2021.10.06"]
[SourceVersion "1"]
[SourceVersionDate "2021.10.06"]
[SourceQuality "1"]

1. c4 e5 2. Nc3 Nf6 3. g3 Bb4 4. Bg2 0-0 5. e4 d6 6. Nge2 a6 7. 0-0 Nc6 8. d3 Bc5 9. a3 Be6 10. b4 Ba7 11. Nd5 Bxd5 12. cxd5 Nd4 13. Be3 Nxe2+ 14. Qxe2 Bxe3 15. Qxe3 Qd7 16. d4 a5 17. dxe5 dxe5 18. Qc3 axb4 19. axb4 Qd6 20. Rfc1 Rxa1 21. Rxa1 c6 22. Qc5 Qxc5 23. bxc5 Nd7 24. dxc6 bxc6 25. Ra6 1/2-1/2

[Event "British Columbia op"]
[Site "Richmond"]
[Date "2019.02.17"]
[Round "3.8"]
[White "Patterson, Roger"]
[Black "Oszvald, Joe"]
[Result "1/2-1/2"]
[WhiteElo "2001"]
[BlackElo "2053"]
[PlyCount "63"]
[EventDate "2019.02.16"]
[EventType "tourn"]
[EventRounds "6"]
[EventCountry "CAN"]
[SourceTitle "EXT 2022"]
[Source "ChessBase"]
[SourceDate "2021.10.06"]
[SourceVersion "1"]
[SourceVersionDate "2021.10.06"]
[SourceQuality "1"]

1. c4 g6 2. Nc3 Bg7 3. g3 c5 4. Bg2 Nc6 5. e4 d6 6. Nge2 e6 7. 0-0 Nge7 8. d3 a6 9. Rb1 0-0 10. a3 a5 11. Bg5 h6 12. Be3 Nd4 13. b4 axb4 14. axb4 Nxe2+ 15. Nxe2 cxb4 16. Rxb4 d5 17. cxd5 exd5 18. Qc2 Nc6 19. Rbb1 d4 20. Bd2 Kh7 21. Nf4 Ra6 22. Nd5 Ne5 23. f4 Rc6 24. Qb3 Ng4 25. Rfd1 Be6 26. Qxb7 Bxd5 27. exd5 Rc2 28. Rbc1 Ra2 29. Ra1 Rc2 30. Rac1 Ra2 31. Ra1 Rc2 32. Rac1 1/2-1/2

[Event "British Columbia op"]
[Site "Richmond"]
[Date "2019.02.17"]
[Round "4.10"]
[White "Tang, Edward"]
[Black "Patterson, Roger"]
[Result "1/2-1/2"]
[WhiteElo "2013"]
[BlackElo "2001"]
[PlyCount "104"]
[EventDate "2019.02.16"]
[EventType "tourn"]
[EventRounds "6"]
[EventCountry "CAN"]
[SourceTitle "EXT 2022"]
[Source "ChessBase"]
[SourceDate "2021.10.06"]
[SourceVersion "1"]
[SourceVersionDate "2021.10.06"]
[SourceQuality "1"]

1. d4 d5 2. c4 e6 3. Nc3 c5 4. cxd5 exd5 5. Nf3 Nc6 6. g3 Nf6 7. Bg2 Be7 8. 0-0 0-0 9. Bg5 cxd4 10. Nxd4 h6 11. Be3 Re8 12. Rc1 Bf8 13. Na4 Bd7 14. Nc5 Bxc5 15. Rxc5 Qe7 16. Nxc6 Bxc6 17. Qd4 Ne4 18. Rc2 Qe6 19. Rd1 f5 20. Qd3 a6 21. Bd4 Rad8 22. Bh3 Rf8 23. f3 Ng5 24. Bg2 Qf7 25. e3 Qh5 26. Rf2 Nh3+ 27. Bxh3 Qxh3 28. a4 Bxa4 29. Bxg7 Rf7 30. Bf6 Rxf6 31. Qd4 Re6 32. Qxa4 Rxe3 33. Qa5 Rd7 34. Rxd5 b6 35. Qd2 Rde7 36. Rd8+ Kh7 37. Rd7 f4 38. Qc2+ Kg7 39. Rxe7+ Rxe7 40. Qc3+ Kf8 41. gxf4 Rg7+ 42. Kh1 Qf5 43. Qb4+ Kg8 44. Qc4+ Kh8 45. Qxa6 Qxf4 46. Qa8+ Rg8 47. Qc6 Qg5 48. Qc3+ Rg7 49. Qc8+ Rg8 50. Qc3+ Rg7 51. Qc8+ Rg8 52. Qc3+ Rg7 1/2-1/2

[Event "British Columbia op"]
[Site "Richmond"]
[Date "2019.02.16"]
[Round "1.2"]
[White "Patterson, Roger"]
[Black "Sohal, Tanraj"]
[Result "0-1"]
[WhiteElo "2001"]
[BlackElo "2370"]
[PlyCount "78"]
[EventDate "2019.02.16"]
[EventType "tourn"]
[EventRounds "6"]
[EventCountry "CAN"]
[SourceTitle "EXT 2022"]
[Source "ChessBase"]
[SourceDate "2021.10.06"]
[SourceVersion "1"]
[SourceVersionDate "2021.10.06"]
[SourceQuality "1"]

1. c4 e6 2. Nf3 d5 3. e3 Nf6 4. Nc3 Be7 5. d4 0-0 6. Bd3 dxc4 7. Bxc4 a6 8. 0-0 b5 9. Bb3 Bb7 10. Qe2 c5 11. Rd1 Qb6 12. dxc5 Bxc5 13. h3 Ne4 14. Nxe4 Bxe4 15. Bd2 h6 16. Bc3 Nc6 17. Ne5 Nxe5 18. Bxe5 Bf5 19. Qf3 Rfd8 20. Rxd8+ Qxd8 21. Rd1 Qe8 22. Bd6 Rc8 23. Qb7 Bxd6 24. Rxd6 a5 25. Bd1 Rd8 26. Qb6 Rxd6 27. Qxd6 Qc8 28. Qd2 b4 29. Bf3 Qc5 30. Qd1 g5 31. Qd8+ Kg7 32. Qd4+ Qxd4 33. exd4 Bd3 34. g4 Kf6 35. Kg2 e5 36. dxe5+ Kxe5 37. Kg3 Kd4 38. h4 Bc4 39. a3 Kd3 0-1

[Event "Victoria op"]
[Site "Victoria"]
[Date "2019.01.20"]
[Round "4.3"]
[White "Patterson, Roger"]
[Black "Taylor, Tristan"]
[Result "1/2-1/2"]
[WhiteElo "2034"]
[BlackElo "1802"]
[PlyCount "34"]
[EventDate "2019.01.18"]
[EventType "swiss"]
[EventRounds "5"]
[EventCountry "CAN"]
[SourceTitle "EXT 2022"]
[Source "ChessBase"]
[SourceDate "2021.10.06"]
[SourceVersion "1"]
[SourceVersionDate "2021.10.06"]
[SourceQuality "1"]

1. c4 e5 2. Nc3 Nf6 3. g3 Bb4 4. Bg2 0-0 5. e4 Re8 6. Nge2 c6 7. 0-0 d6 8. a3 Ba5 9. b4 Bc7 10. d4 a5 11. Rb1 exd4 12. Nxd4 Nbd7 13. Qc2 Ne5 14. Nce2 axb4 15. axb4 Qe7 16. Bb2 h5 17. Nf4 Bd7 1/2-1/2

[Event "Victoria op"]
[Site "Victoria"]
[Date "2019.01.19"]
[Round "3.3"]
[White "James, Rowan"]
[Black "Patterson, Roger"]
[Result "1/2-1/2"]
[WhiteElo "1917"]
[BlackElo "2034"]
[PlyCount "26"]
[EventDate "2019.01.18"]
[EventType "swiss"]
[EventRounds "5"]
[EventCountry "CAN"]
[SourceTitle "EXT 2022"]
[Source "ChessBase"]
[SourceDate "2021.10.06"]
[SourceVersion "1"]
[SourceVersionDate "2021.10.06"]
[SourceQuality "1"]

1. e4 e5 2. Nf3 d6 3. d4 exd4 4. Nxd4 Nf6 5. Nc3 Be7 6. Bc4 c6 7. a4 a5 8. 0-0 0-0 9. Re1 Re8 10. h3 Na6 11. Nf3 Nc5 12. e5 dxe5 13. Qxd8 Bxd8 1/2-1/2

[Event "White Rock Semiahmoo op"]
[Site "White Rock"]
[Date "2018.08.05"]
[Round "4.4"]
[White "Patterson, Roger"]
[Black "Ferguson, Peter"]
[Result "1-0"]
[WhiteElo "2027"]
[BlackElo "2067"]
[PlyCount "69"]
[EventDate "2018.08.04"]
[EventType "swiss"]
[EventRounds "6"]
[EventCountry "CAN"]
[SourceTitle "EXT 2022"]
[Source "ChessBase"]
[SourceDate "2021.10.06"]
[SourceVersion "1"]
[SourceVersionDate "2021.10.06"]
[SourceQuality "1"]

1. c4 g6 2. Nc3 Bg7 3. g3 d6 4. Bg2 Nh6 5. e3 e5 6. Nge2 f5 7. d3 0-0 8. Qc2 Na6 9. a3 Nc5 10. d4 Ne6 11. d5 Nc5 12. b4 Nd7 13. f4 a5 14. Rb1 axb4 15. axb4 g5 16. 0-0 gxf4 17. exf4 e4 18. Nb5 c6 19. dxc6 Qb6+ 20. Kh1 bxc6 21. Nxd6 Ba6 22. c5 Qc7 23. Bb2 Nf6 24. Nd4 Bxf1 25. Bxf1 Qd7 26. Bc4+ Nd5 27. b5 Bxd4 28. Bxd4 Ra3 29. bxc6 Qxc6 30. Rb6 Qa8 31. Rb7 Ra1+ 32. Kg2 Nf7 33. Bxd5 e3 34. Nxf5 Qa6 35. Ne7# 1-0

[Event "British Columbia-ch Senior"]
[Site "Surrey"]
[Date "2018.06.22"]
[Round "1.4"]
[White "Ingram, Richard"]
[Black "Patterson, Roger"]
[Result "1/2-1/2"]
[WhiteElo "1610"]
[BlackElo "2064"]
[PlyCount "72"]
[EventDate "2018.06.22"]
[EventType "swiss"]
[EventRounds "5"]
[EventCountry "CAN"]
[SourceTitle "EXT 2022"]
[Source "ChessBase"]
[SourceDate "2021.10.06"]
[SourceVersion "1"]
[SourceVersionDate "2021.10.06"]
[SourceQuality "1"]

1. e4 c5 2. Nf3 d6 3. d4 cxd4 4. Nxd4 Nf6 5. Nc3 e6 6. g4 h6 7. h4 Be7 8. Qf3 Nc6 9. Nxc6 bxc6 10. Be3 e5 11. Rg1 Nh7 12. Bc4 Be6 13. Bxe6 fxe6 14. g5 hxg5 15. Qh5+ Kd7 16. hxg5 Nxg5 17. Qg4 Bf6 18. 0-0-0 Nf7 19. Bc5 Qe7 20. Rxd6+ Nxd6 21. Rd1 Rad8 22. Bxd6 Qxd6 23. Rxd6+ Kxd6 24. b3 Ke7 25. Na4 Rh4 26. Qg3 Rxe4 27. Nc5 Rf4 28. Qh3 Rf5 29. Qg2 Kf7 30. Qxc6 Rxf2 31. Qxe6+ Kg6 32. Ne4 Rf4 33. Nd6 Kh7 34. Ne8 Kg6 35. Nd6 Kh7 36. Ne8 Kg6 1/2-1/2

[Event "British Columbia op"]
[Site "Richmond"]
[Date "2018.02.11"]
[Round "4.6"]
[White "Sali, Zulfikar A"]
[Black "Patterson, Roger"]
[Result "1-0"]
[WhiteElo "2233"]
[BlackElo "2116"]
[PlyCount "79"]
[EventDate "2018.02.10"]
[EventType "swiss"]
[EventRounds "6"]
[EventCountry "CAN"]
[SourceTitle "EXT 2022"]
[Source "ChessBase"]
[SourceDate "2021.10.06"]
[SourceVersion "1"]
[SourceVersionDate "2021.10.06"]
[SourceQuality "1"]

1. e4 e5 2. Nf3 Nc6 3. Bb5 a6 4. Bxc6 dxc6 5. 0-0 Qd6 6. d3 Be6 7. Be3 Nf6 8. Qe2 c5 9. h3 Be7 10. Nbd2 Nd7 11. Nc4 Bxc4 12. dxc4 0-0 13. Rad1 Qe6 14. Qd3 Bd6 15. Nh4 g6 16. b3 Rfe8 17. Bh6 Nf6 18. Rfe1 Nh5 19. g4 Nf4 20. Bxf4 exf4 21. Qd5 b5 22. Nf3 bxc4 23. bxc4 Qxd5 24. cxd5 f6 25. Rb1 g5 26. Kg2 Rab8 27. Nd2 Be5 28. Rxb8 Rxb8 29. Rb1 Rb6 30. Rb3 Kf7 31. Nc4 Rxb3 32. cxb3 Bc3 33. Kf3 Ke7 34. Ke2 Kd7 35. Kd3 Bd4 36. f3 c6 37. Na5 cxd5 38. exd5 Kd6 39. Ke4 Bc3 40. Nb7+ 1-0

[Event "White Rock Semiahmoo op"]
[Site "White Rock"]
[Date "2017.08.06"]
[Round "4.2"]
[White "Patterson, Roger"]
[Black "Su, Michael"]
[Result "1/2-1/2"]
[WhiteElo "2107"]
[BlackElo "1984"]
[PlyCount "95"]
[EventDate "2017.08.05"]
[EventType "swiss"]
[EventRounds "6"]
[EventCountry "CAN"]
[SourceTitle "EXT 2022"]
[Source "ChessBase"]
[SourceDate "2021.10.06"]
[SourceVersion "1"]
[SourceVersionDate "2021.10.06"]
[SourceQuality "1"]

1. e4 c5 2. Nf3 e6 3. d4 cxd4 4. Nxd4 Nc6 5. Nc3 Qc7 6. Be2 a6 7. 0-0 Nf6 8. Be3 Bb4 9. Nxc6 bxc6 10. Na4 Be7 11. Bd3 c5 12. c4 Bb7 13. Nc3 d6 14. f4 Nd7 15. Be2 Bf6 16. Qd3 Rd8 17. Bf3 Nb8 18. Rae1 Nc6 19. Bd1 0-0 20. Bd2 Bd4+ 21. Kh1 Ne7 22. Bc2 f5 23. exf5 exf5 24. Bd1 d5 25. cxd5 Nxd5 26. Bb3 Kh8 27. Nxd5 Bxd5 28. Bxd5 Rxd5 29. Qc4 Rd6 30. Bc3 Qb7 31. Re6 Rxe6 32. Qxe6 Qc8 33. Re1 Bxc3 34. bxc3 g6 35. Qe5+ Kg8 36. Qd5+ Rf7 37. Re7 Qf8 38. Rd7 Kg7 39. Qe5+ Kh6 40. Rxf7 Qxf7 41. Qxc5 Qxa2 42. h3 Qb1+ 43. Kh2 Qb8 44. Kg3 Qd8 45. c4 a5 46. Qe3 a4 47. c5 Qd5 48. Kf2 1/2-1/2

[Event "White Rock Semiahmoo op"]
[Site "White Rock"]
[Date "2017.08.06"]
[Round "3.3"]
[White "Sadoughian Zadeh, Farshad"]
[Black "Patterson, Roger"]
[Result "0-1"]
[WhiteElo "2130"]
[BlackElo "2107"]
[PlyCount "100"]
[EventDate "2017.08.05"]
[EventType "swiss"]
[EventRounds "6"]
[EventCountry "CAN"]
[SourceTitle "EXT 2022"]
[Source "ChessBase"]
[SourceDate "2021.10.06"]
[SourceVersion "1"]
[SourceVersionDate "2021.10.06"]
[SourceQuality "1"]

1. d4 d5 2. c4 c6 3. Nf3 Nf6 4. g3 Bf5 5. Bg2 e6 6. 0-0 h6 7. Nc3 Be7 8. Re1 0-0 9. Bf4 Nbd7 10. h3 Ne4 11. Qc1 Re8 12. g4 Bh7 13. a3 Nxc3 14. Qxc3 Be4 15. Rad1 Rc8 16. c5 g5 17. Bh2 f5 18. Bf1 fxg4 19. hxg4 Rf8 20. Nd2 Nf6 21. f3 Bg6 22. Bh3 Qd7 23. Qe3 Rce8 24. Rf1 Rf7 25. f4 Ne4 26. Nf3 Bf6 27. fxg5 Nxg5 28. Bg2 e5 29. Nxe5 Bxe5 30. Bxe5 Qxg4 31. Rxf7 Nxf7 32. Rf1 Nxe5 33. dxe5 Qg5 34. Qh3 Qxe5 35. Rf3 Kg7 36. e3 Re7 37. b4 Qe6 38. Qh4 b6 39. Bh3 Qe4 40. Qf6+ Kh7 41. Bg2 Qe6 42. Qd4 bxc5 43. bxc5 Be4 44. Rg3 Bxg2 45. Kxg2 Qe4+ 46. Kf2 Rf7+ 47. Kg1 Qxd4 48. exd4 Rg7 49. Kf2 Rxg3 50. Kxg3 Kg6 0-1

[Event "British Columbia-ch Seniors"]
[Site "Victoria"]
[Date "2017.06.18"]
[Round "4.3"]
[White "Patterson, Roger"]
[Black "Harris, Philip"]
[Result "0-1"]
[WhiteElo "2161"]
[BlackElo "1688"]
[PlyCount "102"]
[EventDate "2017.06.16"]
[EventType "swiss"]
[EventRounds "5"]
[EventCountry "CAN"]
[SourceTitle "EXT 2022"]
[Source "ChessBase"]
[SourceDate "2021.10.06"]
[SourceVersion "1"]
[SourceVersionDate "2021.10.06"]
[SourceQuality "1"]

1. e4 e5 2. Nf3 Nc6 3. Bb5 a6 4. Ba4 Nf6 5. 0-0 Be7 6. Re1 b5 7. Bb3 0-0 8. c3 d6 9. h3 Nb8 10. d4 Nbd7 11. Nbd2 Bb7 12. Bc2 Re8 13. Nf1 Bf8 14. Ng3 g6 15. Bg5 Bg7 16. Qd2 Qe7 17. Rad1 Qf8 18. d5 Nc5 19. Be3 Rad8 20. b4 Ncd7 21. a4 bxa4 22. Bxa4 Ra8 23. c4 Reb8 24. Qc3 Qe7 25. c5 Nf8 26. Nd2 h5 27. Ne2 h4 28. Bg5 N8h7 29. Be3 Nh5 30. Nc4 Rf8 31. Na5 Bc8 32. Nc6 Qf6 33. Qd2 g5 34. f3 Nf4 35. Rf1 Re8 36. Ra1 Qg6 37. cxd6 cxd6 38. Na7 Rf8 39. Bc6 Rxa7 40. Bxa7 f5 41. Nc3 g4 42. exf5 Bxf5 43. fxg4 Bd3 44. Be3 Bxf1 45. Rxf1 Bh6 46. b5 axb5 47. Bxb5 Nf6 48. Ne2 Ne4 49. Qe1 Nxe2+ 50. Qxe2 Rxf1+ 51. Kxf1 Ng3+ 0-1

[Event "British Columbia-ch Seniors"]
[Site "Victoria"]
[Date "2017.06.17"]
[Round "2.2"]
[White "Patterson, Roger"]
[Black "Haines, Duncan"]
[Result "0-1"]
[WhiteElo "2161"]
[BlackElo "1803"]
[PlyCount "49"]
[EventDate "2017.06.16"]
[EventType "swiss"]
[EventRounds "5"]
[EventCountry "CAN"]
[SourceTitle "EXT 2022"]
[Source "ChessBase"]
[SourceDate "2021.10.06"]
[SourceVersion "1"]
[SourceVersionDate "2021.10.06"]
[SourceQuality "1"]

1. c4 c5 2. Nc3 g6 3. g3 Bg7 4. Bg2 Nc6 5. Nf3 e6 6. d4 cxd4 7. Nb5 d5 8. cxd5 Qa5+ 9. Qd2 Qxb5 10. dxc6 e5 11. cxb7 Bxb7 12. 0-0 Ne7 13. e4 0-0 14. Rd1 Nc6 15. Ne1 a5 16. b3 Rfc8 17. Ba3 Nb4 18. Rac1 Bf8 19. Rxc8 Rxc8 20. Rc1 Rxc1 21. Bxc1 Ba6 22. h4 Be7 23. Nf3 f6 24. Bh3 Qd3 25. Qh6 0-1

[Event "Richmond Keres Memorial 42nd"]
[Site "Richmond"]
[Date "2017.05.21"]
[Round "3"]
[White "Patterson, Roger"]
[Black "Kaufman, Raymond"]
[Result "1/2-1/2"]
[WhiteElo "2149"]
[BlackElo "2292"]
[PlyCount "48"]
[EventDate "2017.05.20"]
[EventType "swiss"]
[EventRounds "6"]
[EventCountry "CAN"]
[SourceTitle "CBM 178 Extra"]
[Source "ChessBase"]
[SourceDate "2017.06.22"]
[SourceVersion "1"]
[SourceVersionDate "2017.06.22"]
[SourceQuality "1"]

1. c4 g6 2. Nc3 Nf6 3. d4 Bg7 4. e4 d6 5. Nf3 0-0 6. Be2 Bg4 7. 0-0 Nfd7 8. d5 Na6 9. Nd4 Bxe2 10. Ndxe2 Nac5 11. Rb1 a5 12. b3 e6 13. dxe6 fxe6 14. f4 Qe7 15. a3 Nb6 16. b4 axb4 17. axb4 Ncd7 18. Qb3 Kh8 19. Be3 Rf7 20. Rbd1 Raf8 21. Nb5 Rc8 22. Na7 Rcf8 23. Nb5 Rc8 24. Na7 Rcf8 1/2-1/2

[Event "Grand Pacific op 11th"]
[Site "Victoria"]
[Date "2017.04.17"]
[Round "6"]
[White "Patterson, Roger"]
[Black "Kostadinov, George"]
[Result "1-0"]
[WhiteElo "2019"]
[BlackElo "2001"]
[PlyCount "93"]
[EventDate "2017.04.14"]
[EventType "tourn"]
[EventRounds "6"]
[EventCountry "CAN"]
[SourceTitle "CBM 178 Extra"]
[Source "ChessBase"]
[SourceDate "2017.06.22"]
[SourceVersion "1"]
[SourceVersionDate "2017.06.22"]
[SourceQuality "1"]

1. c4 c5 2. g3 Nc6 3. Bg2 g6 4. Nc3 Bg7 5. Nf3 e6 6. d4 cxd4 7. Nb5 d6 8. Nfxd4 Nxd4 9. Nxd4 a6 10. 0-0 Ne7 11. e4 0-0 12. Be3 Qc7 13. Rc1 Rb8 14. Qd2 Rd8 15. Rfd1 Bd7 16. Ne2 Bc6 17. Nf4 Be5 18. Nd3 Bf6 19. Qe2 b6 20. Bf4 Be5 21. Bg5 Bg7 22. Bf4 a5 23. e5 d5 24. c5 b5 25. b4 h6 26. h4 Ra8 27. Bd2 axb4 28. Bxb4 Ra4 29. a3 Rda8 30. f4 Rd8 31. Ne1 Nf5 32. Kh2 g5 33. hxg5 hxg5 34. Nc2 Re8 35. Nd4 Nxd4 36. Rxd4 f6 37. Re1 Raa8 38. Bh3 Bd7 39. Qh5 fxe5 40. fxe5 Rf8 41. Qxg5 Rf2+ 42. Kg1 Raf8 43. c6 Qb6 44. Bxf8 Rxf8 45. cxd7 Qxd4+ 46. Kh1 Qb6 47. Qg6 1-0

[Event "Grand Pacific op 11th"]
[Site "Victoria"]
[Date "2017.04.16"]
[Round "4"]
[White "Patterson, Roger"]
[Black "Murray, Michael A"]
[Result "0-1"]
[WhiteElo "2019"]
[BlackElo "1940"]
[PlyCount "62"]
[EventDate "2017.04.14"]
[EventType "tourn"]
[EventRounds "6"]
[EventCountry "CAN"]
[SourceTitle "CBM 178 Extra"]
[Source "ChessBase"]
[SourceDate "2017.06.22"]
[SourceVersion "1"]
[SourceVersionDate "2017.06.22"]
[SourceQuality "1"]

1. c4 Nc6 2. Nc3 e5 3. g3 d6 4. Bg2 f5 5. d3 Nf6 6. Nf3 Be7 7. 0-0 0-0 8. Rb1 Qe8 9. b4 Bd8 10. b5 Ne7 11. d4 e4 12. Ne1 d5 13. cxd5 Nexd5 14. Nxd5 Nxd5 15. e3 Be6 16. Bd2 Nb6 17. f3 Bxa2 18. fxe4 Bxb1 19. Qxb1 fxe4 20. Rxf8+ Qxf8 21. Bxe4 g6 22. Bxb7 Rb8 23. Qa2+ Kg7 24. Qxa7 Be7 25. Bc6 Bd6 26. e4 Nc4 27. Bf4 Bxf4 28. gxf4 Qxf4 29. Qxb8 Ne3 30. Nf3 Qxf3 31. Qxc7+ Kh6 0-1

[Event "Victoria Grand Pacific op 10th"]
[Site "Victoria"]
[Date "2016.03.27"]
[Round "5"]
[White "Patterson, Roger"]
[Black "Morozov, Grigory"]
[Result "1/2-1/2"]
[WhiteElo "2168"]
[BlackElo "2376"]
[PlyCount "72"]
[EventDate "2016.03.25"]
[EventType "swiss"]
[EventRounds "6"]
[EventCountry "CAN"]
[SourceTitle "CBM 171 Extra"]
[Source "ChessBase"]
[SourceDate "2016.04.26"]
[SourceVersion "1"]
[SourceVersionDate "2016.04.26"]
[SourceQuality "1"]

1. e4 e6 2. d4 d5 3. Nc3 Bb4 4. e5 Qd7 5. a3 Bf8 6. Nce2 b6 7. f4 Ba6 8. Nf3 Ne7 9. g4 h5 10. gxh5 Rxh5 11. Ng3 Rh8 12. Be3 Bxf1 13. Rxf1 Nbc6 14. Qe2 Nf5 15. Nxf5 exf5 16. 0-0-0 Be7 17. Kb1 Nd8 18. c4 Ne6 19. Rd2 0-0-0 20. Rc1 Kb7 21. c5 c6 22. cxb6 axb6 23. Rdc2 Rc8 24. Ne1 c5 25. dxc5 bxc5 26. Qg2 Qc6 27. Bxc5 Bxc5 28. Nd3 Qb5 29. Nxc5+ Nxc5 30. Qxd5+ Kb6 31. b4 Rcd8 32. Qxc5+ Qxc5 33. Rxc5 Rxh2 34. a4 Rd4 35. Rb5+ Ka6 36. Ra5+ Kb6 1/2-1/2

[Event "Victoria op Scheveningen"]
[Site "Victoria"]
[Date "2016.01.17"]
[Round "5.1"]
[White "Sohal, Tanraj"]
[Black "Patterson, Roger"]
[Result "1-0"]
[WhiteElo "2358"]
[BlackElo "2149"]
[PlyCount "93"]
[EventDate "2016.01.15"]
[EventType "schev"]
[EventRounds "5"]
[EventCountry "CAN"]
[SourceTitle "EXT 2022"]
[Source "ChessBase"]
[SourceDate "2021.10.06"]
[SourceVersion "1"]
[SourceVersionDate "2021.10.06"]
[SourceQuality "1"]

1. d4 d5 2. c4 dxc4 3. Nf3 Nf6 4. e3 e6 5. Bxc4 c5 6. 0-0 Nc6 7. Nc3 Be7 8. Qe2 cxd4 9. Rd1 0-0 10. exd4 Nb4 11. a3 Nbd5 12. Ne5 Bd7 13. Bg5 Bc6 14. Nxc6 bxc6 15. Rac1 Nxc3 16. Rxc3 Nd5 17. Bxd5 Bxg5 18. Bxc6 Rc8 19. b4 Bf6 20. Qe4 Qb6 21. b5 Rfd8 22. Rcd3 Rd6 23. a4 Rcd8 24. d5 exd5 25. Bxd5 Qc5 26. g3 h6 27. Kg2 Qc2 28. R1d2 Qc5 29. h4 Qb6 30. Qc4 R6d7 31. a5 Qxa5 32. Bxf7+ Rxf7 33. Rxd8+ Qxd8 34. Rxd8+ Bxd8 35. f4 Bb6 36. f5 Kf8 37. Qc8+ Ke7 38. Kf3 Rf6 39. Ke4 Kf7 40. g4 Rd6 41. g5 hxg5 42. hxg5 Rd8 43. Qe6+ Kf8 44. f6 gxf6 45. Qxf6+ Kg8 46. g6 Re8+ 47. Kd5 1-0

[Event "Victoria op Scheveningen"]
[Site "Victoria"]
[Date "2016.01.16"]
[Round "3.3"]
[White "Patterson, Roger"]
[Black "Doknjas, John"]
[Result "1/2-1/2"]
[WhiteElo "2149"]
[BlackElo "2274"]
[PlyCount "36"]
[EventDate "2016.01.15"]
[EventType "schev"]
[EventRounds "5"]
[EventCountry "CAN"]
[SourceTitle "EXT 2022"]
[Source "ChessBase"]
[SourceDate "2021.10.06"]
[SourceVersion "1"]
[SourceVersionDate "2021.10.06"]
[SourceQuality "1"]

1. e4 c5 2. Nf3 d6 3. d4 cxd4 4. Nxd4 Nf6 5. Nc3 a6 6. f4 e5 7. Nf3 Nbd7 8. a4 Be7 9. Bd3 0-0 10. 0-0 exf4 11. Kh1 Nc5 12. Bxf4 Bg4 13. Qd2 Bh5 14. Rae1 Re8 15. Nd4 Nxd3 16. cxd3 Bg6 17. Be3 Qd7 18. Nf5 d5 1/2-1/2

[Event "Richmond Keres Memorial 40th"]
[Site "Richmond"]
[Date "2015.05.18"]
[Round "6.5"]
[White "Wu, Howard"]
[Black "Patterson, Roger"]
[Result "1-0"]
[WhiteElo "2227"]
[BlackElo "2116"]
[PlyCount "77"]
[EventDate "2015.05.16"]
[EventType "swiss"]
[EventRounds "6"]
[EventCountry "CAN"]
[SourceTitle "EXT 2019"]
[Source "ChessBase"]
[SourceDate "2018.10.10"]
[SourceVersion "1"]
[SourceVersionDate "2018.10.10"]
[SourceQuality "1"]

1. e4 c5 2. Nf3 d6 3. d4 cxd4 4. Nxd4 Nf6 5. Nc3 e6 6. Be3 a6 7. f3 b5 8. g4 Nfd7 9. Qd2 Nb6 10. a3 N8d7 11. Qf2 Bb7 12. 0-0-0 Rc8 13. h4 Rxc3 14. bxc3 Qc7 15. Bxb5 axb5 16. Nxb5 Qc6 17. Na7 Qxc3 18. Bxb6 Qxa3+ 19. Kd2 Qb4+ 20. c3 Qb2+ 21. Ke1 Qxc3+ 22. Kf1 Nxb6 23. Kg2 Nd7 24. Rb1 Nc5 25. Rhc1 Qa5 26. Rxc5 Qxc5 27. Rxb7 Qxf2+ 28. Kxf2 Be7 29. g5 Bd8 30. Nc6 h6 31. Nxd8 hxg5 32. Nxf7 Rxh4 33. Nxg5 d5 34. e5 d4 35. Nxe6 Rh2+ 36. Ke1 d3 37. Nxg7+ Kd8 38. f4 Kc8 39. Rf7 1-0

[Event "Victoria Grand Pacific op 9th"]
[Site "Victoria"]
[Date "2015.04.06"]
[Round "6"]
[White "Patterson, Roger"]
[Black "Sasata, Robert"]
[Result "1/2-1/2"]
[WhiteElo "2095"]
[BlackElo "2374"]
[PlyCount "108"]
[EventDate "2015.04.03"]
[EventType "swiss"]
[EventRounds "6"]
[EventCountry "CAN"]
[SourceTitle "CBM 166 Extra"]
[Source "ChessBase"]
[SourceDate "2015.06.18"]
[SourceVersion "1"]
[SourceVersionDate "2015.06.18"]
[SourceQuality "1"]

1. c4 Nf6 2. Nc3 e6 3. Nf3 d5 4. cxd5 exd5 5. d4 c6 6. Bg5 Be7 7. Qc2 g6 8. e3 Bf5 9. Bd3 Bxd3 10. Qxd3 0-0 11. 0-0 Nbd7 12. Rab1 a5 13. Rbc1 Re8 14. Na4 Ne4 15. Bxe7 Qxe7 16. Nd2 Nd6 17. Rfe1 Qg5 18. Nc5 Re7 19. Nxd7 Rxd7 20. Qa3 Kg7 21. Nf3 Qd8 22. Qd3 Re7 23. a4 Qd7 24. Rb1 Ne4 25. b4 axb4 26. Rxb4 Qd6 27. Reb1 Ra7 28. Qc2 h5 29. Nd2 Ng5 30. Qc5 Qxc5 31. dxc5 Ne4 32. Nb3 Nc3 33. Ra1 Re4 34. Nd4 Re8 35. Ra3 Ne4 36. Nb3 Rea8 37. a5 Kf6 38. Ra1 Ke7 39. f3 Ng5 40. Rd1 Ne6 41. Kf2 Rd8 42. Rd2 Rd7 43. h4 Ra8 44. Ra4 Rdd8 45. Ra1 Nc7 46. Rad1 Nb5 47. Ra1 Kd7 48. Rd3 Kc7 49. Nd4 Ra6 50. Nb3 Re8 51. Ra4 Raa8 52. Nd4 Re7 53. Ra2 Re5 54. Rb3 Nxd4 1/2-1/2